| 000 | 01740cam a2200301 i 4500 | ||
|---|---|---|---|
| 001 | 21154 | ||
| 003 | Mx-PuUPA | ||
| 005 | 20220203104221.0 | ||
| 008 | 140415s1982 mx ad gr 000 0 spa d | ||
| 040 |
_cMx-PuUPA _dMx-PuUPA _aMx-PuUPA _erda _bspa |
||
| 041 | 0 | _aspa | |
| 100 | 1 |
_aBell, Martin L., _eautor _911979 |
|
| 245 | 1 | 0 |
_aBibliolteca moderna de mercadotecnia / _cMartin L Bell, Charles J Dirksen, Charles A Lininger |
| 264 | 1 |
_aMéxico, D.F. : _bCia. Editorial Continental, _c©1971, 1978 |
|
| 300 |
_a9 volúmenes (paginación varía) : _bilustraciones, graficas, diagramas ; _c24 cm |
||
| 336 |
_2rdacontent _atexto _btxt |
||
| 337 |
_2rdamedia _asin medio _bn |
||
| 338 |
_2rdacarrier _avolumen _bnc |
||
| 505 |
_gv.1-4. _tMercadotecnia : conceptos y estrategia / Martín L. Bell ; traducido por Henry Davis Signoret. 4 volúmenes (paginación varía) : diagramas ; 24 cm. ; México, D.F. : Editorial Continental, ©1971. - _gv.5-7. _tPrincipios y problemas de la publicidad / Charles J. Dirksen, Arthur Kroeger ; traducido por, José Alfonso Garza Rusca ; ISBN 9682600375 ; v, 3 volúmenes : ilustraciones, diagramas ; 24 cm ; México, D.F. : Editorial Continental, ©1978. - _gv.8-9. _tLa encuesta por muestreo : teoría y práctica / Charles A. Lininger, Donald P. Warwick ; traducido por Adriana A. de Barella ; ISBN 9682600537 ; 2 volúmenes : tablas ; 24 cm ; México, D.F. : Editorial Continental, ©1978. - |
||
| 650 | 7 |
_aMercadeo _2armarc |
|
| 650 | 7 |
_aMercadotecnia _2armarc |
|
| 700 | 1 |
_aBell, Martin L., _eautor _911979 |
|
| 700 | 1 |
_aDirksen, Charles J., _eautor _910706 |
|
| 700 | 1 |
_aLininger, Charles A., _eautor |
|
| 942 |
_2ddc _cLI _h658.8 _iB585 |
||
| 999 |
_c21154 _d21154 |
||